| 000 | 00411nam a2200169Ia 4500 | ||
|---|---|---|---|
| 005 | 20250508162434.0 | ||
| 008 | 008 250505s9999 xx 000 0 eng d | ||
| 037 | _aBooks to be hide in OPAC | ||
| 040 |
_aFEDL _beng _cFEDL |
||
| 041 |
_aeng _2eng |
||
| 084 | _qFEDL | ||
| 245 | 0 | _aIndia 1982 | |
| 245 | 0 | _cResearch And Reference Division | |
| 300 | _a583p. | ||
| 942 | _cHB | ||
| 999 |
_c1376545 _d1376545 |
||